| 000 | 02998nam0a2200385 4500 | ||
|---|---|---|---|
| 001 | RU\NLR\BIBL_A\011730844 | ||
| 005 | 20181108113455.0 | ||
| 010 |
_a978-5-6040732-7-8 _9500 |
||
| 021 |
_aRU _bКН-П-18-033017 _9КН-П-18-2402 |
||
| 035 | _a(NLR Aleph) 011730844 | ||
| 035 | _a(RuMoRGB)009623219 | ||
| 090 |
_a11526524 _c11526524 |
||
| 100 | _a20180614d2018 k y0rusy50 ca | ||
| 101 | 0 |
_arus _akaz _aeng |
|
| 102 | _aRU | ||
| 105 | _aac||z|||100zy | ||
| 200 | 1 |
_aОбразование и наука в современных реалиях _eсборник материалов IV Международной научно-практической конференции [(Чебоксары, 26 февраля 2018 года)] _fФедеральное государственное бюджетное образовательное учреждение высшего образования "Чувашский государственный университет им. И.Н. Ульянова", Актюбинский региональный государственный университет им. К. Жубанова, Кыргызский экономический университет им. М. Рыскулбекова, Центр научного сотрудничества "Интерактив плюс" _g[редакционная коллегия: Широков О.Н., д.ист.н., проф. и др.] |
|
| 210 |
_aЧебоксары _cЦНС "Интерактив плюс" _d2018 |
||
| 215 |
_a299 с. _cил., портр., табл. _d26 |
||
| 300 | _aЧасть текста на англ. и казах. яз. | ||
| 320 | _aБиблиогр. в конце ст. | ||
| 606 | 1 |
_aНаучные конференции _jСборники _yЧебоксары, город (Чувашия) _92283203 _3RU\NLR\AUTH\6601595881 |
|
| 686 |
_aЯ431(2) _2rubbk |
||
| 686 | 1 | _aЯ431(2Р-6Чу-4Че) | |
| 702 | 1 |
_aШироков _bО. Н. _f1970- _gОлег Николаевич _4340 |
|
| 711 | 1 | 2 |
_a"Образование и наука в современных реалиях", международная научно-практическая конференция _d4 _eЧебоксары _f2018 _9569248 _3RU\NLR\AUTH\880452726 |
| 712 | 0 | 2 |
_4570 _aЧувашский государственный университет им. И. Н. Ульянова _cЧебоксары _9301657 _3RU\NLR\AUTH\8814249 |
| 712 | 0 | 2 |
_4570 _aКыргызский экономический университет им. М. Рыскулбекова _cБишкек _9538669 _3RU\NLR\AUTH\880437226 |
| 712 | 0 | 2 |
_4570 _aАктюбинский региональный государственный университет им. К. Жубанова _9632502 _3RU\NLR\AUTH\880486045 |
| 942 | _cBOOK | ||
| 980 | _aNBR | ||
| 980 | _aNB | ||